000 00291nam a2200121 a 4500
005 20141022141959.0
008 120229s19uu xx 00 eng d
050 _aCD
_bR99 2009
100 _aRysinger, Lisa
245 _aFinal Cut Pro 6 /
_cLisa Rysinger.
260 _c2009.
942 _cAVM
999 _c276162
_d276162